000 00815nam a2200217 a 4500
001 000027649
005 20200930031005.0
008 110404s2011 sp 000 0 spa d
020 _a9784849438578
040 _aDO-SdBNP
_bspa
_cBNPHU
082 _aR 463.21
_bN964s
245 0 0 _aNuevo smart interactivo :
_bDiccionario español-inglés, english- spanish /
_cdirección Carlos de Gispert.
246 3 0 _aSmart interactivo diccionario español-inglés, english-spanish
246 3 0 _aDiccionario español-inglés, English-Spanish
260 _aBarcelona, España :
_bOceano,
_c2011.
300 _axiii, 1090 p. ;
_c26 cm.
650 4 _aEspañol
_xDiccionarios
_xInglés
_91738
650 4 _aInglés
_xDiccionarios
_xEspañol
_91739
700 1 2 _aGispert, Carlos de
_933561
910 _aValidado. Control de calidad MFF
999 _c27141
_d27141